000 00448nam a2200181Ia 4500
008 230524s9999 xx 000 0 und d
020 _a8188646652
082 _a546
_bPUR
100 _aB.R.Puri
245 0 _aPrinciples of Inorganic Chemistry
250 _aIST
260 _aNEW DELHI
_bMilestone
_c2008
300 _aXIX;1129
500 _aQuantity Number: 3
650 _aChemistry
700 _a"L.R.Sharma , K.C.Kalia,,,"
942 _cBK
999 _c40972
_d40972